(2) Entidades no soberanas – Ducus (Por estado) - Estadísticas

Estadísticas generales
  • Esta prueba ha sido intentada 44 veces
    25 desde el último reinicio
  • La puntuación promedio es 26 de 58
Estadísticas de respuestas
Entidad soberana Respuesta % Correcto
Estados Unidos Puerto Rico
100%
Reino Unido Anguila
67%
Reino de Países Bajos Aruba
67%
Reino de Países Bajos Curazao
67%
Reino Unido Gibraltar
67%
Reino de Dinamarca Groenlandia
67%
Estados Unidos Guam
67%
China Hong Kong
67%
Noruega Isla Bouvet
67%
Reino Unido Isla de Man
67%
Australia Isla de Navidad
67%
Reino Unido Islas Caimán
67%
Reino de Dinamarca Islas Feroe
67%
Reino Unido Islas Vírgenes Británicas
67%
Estados Unidos Islas Vírgenes de los Estados Unidos
67%
China Macao
67%
Nueva Zelanda Niue
67%
Noruega Svalbard
67%
Nueva Zelanda Tokelau
67%
Reino Unido Acrotiri y Dhekelia
33%
Finlandia Aland
33%
Estados Unidos Arrecife Kingman
33%
Estados Unidos Atolón Johnston
33%
Estados Unidos Atolón Palmyra
33%
Reino Unido Bermudas
33%
Reino Unido Guernsey
33%
Estados Unidos Isla Baker
33%
Francia Isla Clipperton
33%
Estados Unidos Isla de Navaza
33%
Estados Unidos Isla Howland
33%
Estados Unidos Isla Jarvis
33%
Australia Isla Norfolk
33%
Australia Islas Ashmore y Cartier
33%
Australia Islas Cocos
33%
Nueva Zelanda Islas Cook
33%
Australia Islas del Mar del Coral
33%
Reino Unido Islas Georgias del Sur y Sandwich del Sur
33%
Australia Islas Heard y McDonald
33%
Reino Unido Islas Malvinas
33%
Estados Unidos Islas Marianas del Norte
33%
Estados Unidos Islas Midway
33%
Reino Unido Islas Pitcairn
33%
Reino Unido Islas Turcas y Caicos
33%
Estados Unidos Isla Wake
33%
Noruega Jan Mayen
33%
Reino Unido Jersey
33%
Reino Unido Monsterrat
33%
Francia Nueva Caledonia
33%
Reino de Países Bajos País de San Martín
33%
Francia Polinesia Francesa
33%
Estados Unidos Samoa Americana
33%
Francia San Bartolomé
33%
Francia San Martín
33%
Francia San Pedro y Miquelón
33%
Reino Unido Santa Elena, Ascensión y Tristán de Acuña
33%
Reino Unido Territorio Británico del Océano Índico
33%
Francia Tierras Australes y Antárticas Francesas
33%
Francia Wallis y Futuna
33%
No se encontraron pruebas coincidentes
Distribución de puntuación
Porcentaje de gente con cada puntuación
Porcentaje por número respondido
Historial de tus puntuaciones
No has intentado esta prueba desde el último reinicio